000 00588nam a22002177a 4500
003 UA-OsUOA
001 68324
007 ta
008 20100415b un ||||| |||| 00| 0 ukr d
100 _aГеєць В.
090 _a330(477)
_bГ28
942 _cSA
040 _aUA-OsUOA
_bukr
_cUA-OsUOA
_dUA-OsUOA
245 _aФормування і розвиток фінансової кризи 2008-2009 років в Україні
300 _aС.5-16
955 _a0
041 _aukr
080 _a330(477)
773 0 _w68322
650 7 _a330 Економіка взагалі
_2UDC
999 _c354563
_d354563